[Event "Edmonton 11th"]
[Site "Edmonton"]
[Date "2016.06.22"]
[Round "5"]
[White "Sethuraman, SP."]
[Black "Shirov, Alexei"]
[Result "1-0"]
[WhiteElo "2653"]
[BlackElo "2682"]
[Annotator "John Upper"]
[PlyCount "43"]
[EventDate "2016.06.18"]
[EventType "tourn"]
[EventRounds "9"]
[EventCountry "CAN"]
[EventCategory "9"]
[SourceTitle "Chess Canada"]
[Source "CFC"]
[SourceDate "2017.10.01"]
[SourceVersion "1"]
[SourceVersionDate "2018.04.02"]
[SourceQuality "1"]

{[%mdl 32768] While SP got caught in the opening by Sambuev, he had clearly
done his homework in a very topical line of the Semi Slav, demonstrating it --
and a sharp tactical eye -- against Semi Slav stalwart, Alexei Shirov.} 1. d4
d5 2. c4 c6 3. Nc3 Nf6 4. e3 e6 5. Nf3 Nbd7 6. Bd3 dxc4 7. Bxc4 b5 8. Bd3 Bb7
9. a3 Bd6 10. O-O O-O 11. Qc2 Rc8 {[#]An important positon for the Meran
Semi-Slav. Black is obviously preparing for ...c5. Five years ago, the
consensus was that if White played b2-b4 to prevent it, Black had a pawn and
piece sac which would guarantee equality (see Topalov-Kasimdzhanov in the note
to move 14). So White looked for other ideas -- one of which led to the
fantastic Aronian-Anand game in the next note -- but none of which have shown
an advantage for White. So top players have gone back to trying to make b2-b4
work.} 12. b4 ({Here's Aronian - Anand, one of the Great Games of the 21st
Century:} 12. Ng5 $5 {Attacks h7, but White's idea is to play Ne4, gaining a
tempo off the Bd6 and helping control c5.} c5 $1 13. Nxh7 Ng4 $1 14. f4 cxd4
15. exd4 Bc5 $1 16. Be2 Nde5 $3 {[#]Analysis Diagram} 17. Bxg4 $1 {White can
capture four different black pieces, but this is the only one that doesn't
immediately lose.} ({Taking the Rf8 or the Ne5 loses to a smothered mate:} 17.
fxe5 Qxd4+ 18. Kh1 Qg1+ $1 19. Rxg1 Nf2#) (17. Nxf8 Qxd4+ $19 {followed by ...
Qg1+ is the same smothered mate.}) ({Taking the Bc5 loses in one of two ways,
depending how White reacts:} 17. dxc5 Qd4+ 18. Kh1 Nf2+ 19. Rxf2 Qxf2 {and
White gets mated on g2 or on the back-rank.}) (17. dxc5 Qd4+ {if White tries
to shore-up the back-rank with} 18. Be3 {then after} Qxe3+ 19. Kh1 {Black
switches the point of attack with} Qh3 {and White gets mated on h2 or g2.})
17... Bxd4+ 18. Kh1 Nxg4 19. Nxf8 f5 $3 {"This move I am very proud of. To
find it over the board is very nice." - Anand} (19... Nxh2 $4 20. Qh7+ $18) 20.
Ng6 Qf6 21. h3 Qxg6 22. Qe2 Qh5 23. Qd3 Be3 $1 {0-1 Aronian,L (2802)-Anand,V 
(2772) Wijk, 2013. (for complete notes, see Chess Canada 2013.12).}) 12... c5
13. bxc5 Bxf3 {[#]} 14. cxd6 (14. gxf3 Nxc5 $1 15. dxc5 Rxc5 {Analysis Diagram
[#]Black has sacrificed a piece, but has two threats:  1) pile up on the
c-file to win back the piece on c3,  2) sac the B on h2 for a perpetual.
White's only choice is which threat to stop:} {If White defends h2, then Black
wins back the piece on c3 with equality:} 16. f4 ({If White defends the piece
with:} 16. Bb2 Bxh2+ $1 {forces a draw} 17. Kxh2 (17. Kg2 Rg5+ 18. Kh1 Rh5 $11
{/\...Nd7, ...Qh4.}) 17... Rh5+ $8 {with a repetition} 18. Kg2 (18. Kg3 Rg5+ $8
$11 {going for more loses:} 19. Kf4 $4 Qc7+ 20. Kxg5 h6+ 21. Kh4 Qh2#) 18...
Rg5+ 19. Kh3 Rh5+ {(1/2-1/2, 22) Malakhatko,V (2558)-Khismatullin,D (2638) St
Petersburg, 2012.}) 16... Nd5 17. Bb2 Nxc3 18. Bxc3 Qc7 19. Rfc1 Rc8 20. Bxh7+
Kh8 21. Bd3 Rxc3 {trading down to a dead drawn R and opposite B ending.} 22.
Qxc3 Qxc3 23. Rxc3 Rxc3 24. Bxb5 Bxa3 $11 {(½-½, 37) Topalov,V (2752)
-Kasimdzhanov,R (2684) London, 2012.}) 14... Nd5 15. gxf3 {[#]Shirov has been
here before.} Qg5+ (15... Nxc3 16. f4 (16. Bxh7+ $5 {see: Miton,K (2604)-Duda,
J (2610) Havana, 2015 (though the end of that game in the dB makes no sense).})
16... Nf6 17. Qb2 Qd7 $1 18. Bd2 e5 $3 {(threatening ...Qg4+ with a perpetual
and/or breaking up White's center and giving the Ns some decent squares)} 19.
f3 $1 exd4 {This is what I'd suggested in my 2013 notes to Aronian-Anand, but
it doesn't seem to be good enough.} (19... e4 $5 $146 20. Bxc3 exd3 21. Qb3 Rc4
22. Bd2 Rfc8 23. Qxd3 Qxd6 $14 {White's center and space look more promising,
and the extra pawn doesn't hurt.}) 20. e4 a5 21. Rae1 Rc5 22. Bc1 Nh5 23. e5
$16 {White's center and B's are too strong.} g6 24. Qf2 b4 25. axb4 axb4 26.
Qxd4 Rd5 27. Qe3 $18 {(1-0, 51) Wojtaszek,R (2734)-Shirov,A (2715) Skopje,
2015.}) 16. Kh1 Qh5 17. Be2 $1 (17. Bxh7+ Kh8 $8 18. Be4 Nxc3 19. Bb7 Nd5 (
19... Nf6 $1 $11 20. Bxc8 $4 Qxf3+ 21. Kg1 Ne2+ $19) 20. Qd1 Rc2 21. e4 Nc3 22.
Qd3 $8 Ne2 $4 23. e5 $1 Qh3 24. Rg1 (24. Bd2 $142 $18) 24... Nxg1 25. Qxc2 $16
Nxf3 26. Bf4 Nxd4 27. Qc7 Ne2 28. Bg3 $4 Nxg3+ 29. fxg3 Nxe5 30. Bg2 Qg4 31.
Qe7 Kg8 32. Qxa7 Qe2 33. Qd4 {(½-½, 33) Nyzhnyk,I (2622)-Sheng,J (2397)
World Open, 2016.}) 17... Nxc3 18. Rg1 {[#]} Nf6 $6 (18... Rfd8 $1 19. e4 e5
20. Be3 Nxe2 21. Qxe2 exd4 22. Bxd4 (22. Rg5 $5 Qh6 23. Bf4 Qf6 24. Rf5 d3 25.
Qe1 d2 $13) 22... Ne5 23. Qe3 Rxd6 $6 (23... g6 $1 $11 {makes g7 safe before
taking on d6.}) 24. Rg5 Qxf3+ 25. Qxf3 Nxf3 26. Rxg7+ Kf8 27. Rxh7 Rc4 28. Bxa7
$14 {(1-0, 65) Gustafsson,J (2629)-Smirnov,A (2479) Bangkok, 2016.}) 19. Bb2
Na4 20. Qd2 {[%mdl 64] [#]Critical Position Can Black win the d6-pawn with ...
Rfd8xd6, or does that maneuver lose a piece to e4-e5?} Rfd8 (20... Rc6 $4 21.
d5 $18 {with a double attack on Rd6 and the undefended Nf6.}) 21. e4 Rxd6 22.
e5 ({Winning a piece! The point, which Shirov now noticed, is that after the
move he had counted on} 22. e5 Qxe5 23. Qh6 $1 {unpins the d-pawn and
threatens mate. Opening Summary: the lines in the Nyznhyk and Gustaffson games
should keep Black afloat, but the tactics in these complex lines are a
challenge even for 2600+ GMs, so there's plenty of scope for the better player
to win.}) 1-0

[Event "2016 Toronto Closed"]
[Site "Toronto"]
[Date "2016.04.04"]
[Round "1"]
[White "Barron, Michael"]
[Black "Ivanov, Mike"]
[Result "0-1"]
[WhiteElo "2342"]
[BlackElo "2363"]
[Annotator "Keith MacKinnon"]
[PlyCount "62"]
[EventDate "2016.??.??"]
[EventType "tourn"]
[EventCountry "CAN"]
[SourceTitle "Chess Canada"]
[Source "CFC"]
[SourceDate "2017.10.01"]
[SourceVersion "1"]
[SourceVersionDate "2018.04.02"]
[SourceQuality "1"]

{[%mdl 32768]} {http://chess.ca/newsfeed/node/830  The 2016 Toronto Closed is
a round-robin event played over two months, with one game per week. Mike
Ivanov raced to lead with 4.5/5, but lost to Mark Plotkin, allowing Mark's
father, and Canadian Olympiad Captain FM Victor Plotkin to finish =1st with
Mike at 5.5/7. Mark was 3rd with +5 =0 -2.  Here is Mike Ivanov's first round
win (featuring the Schliemann Attack) with the Black pieces against
newly-minted IM Michael Barron.} 1. e4 e5 2. Nf3 Nc6 3. Bb5 f5 {[#] The
Schliemann allows Black to play for the win straight out of the opening but it
involves major risks.} 4. Nc3 {not as common as it once was} (4. d3 fxe4 5.
dxe4 Nf6 6. O-O $14 {has been the choice of a number of top players. White
gets a comforable position with a small edge while avoiding some fairly
dangerous theory} Bc5 {[#] Analysis Diagram} 7. Bxc6 {the positional approach}
(7. Qd3 Nd4 {is the, let's say, non-positional approach (editor)} 8. Nxd4 Bxd4
9. Nd2 a6 $14 {(½-½, 49) Grischuk,A (2752)-Kamsky,G (2670) Sochi, 2016.})
7... bxc6 8. Nxe5 {led to a convincing win at the highest level back in 2013}
O-O 9. Nc3 d6 10. Na4 Qe8 11. Nd3 Nxe4 12. Naxc5 Nxc5 13. Nxc5 dxc5 14. Be3 Qg6
15. Qd3 Bf5 16. Qc4+ Be6 17. Qe2 c4 18. f3 a6 19. Bd4 Rae8 20. Kh1 Bd5 21. Qd2
Re6 22. Bc3 h6 23. Rf2 Kh7 24. Raf1 $5 Rf5 25. Re1 $1 Rd6 26. Be5 Rd7 27. Qc3
$16 {White consolidated the kingside and took enough of Black's weak pawns to
win the game.} Qg5 28. Rfe2 Rdf7 29. Re3 h5 30. R1e2 Qg6 31. h3 Qg5 32. Kh2 h4
33. Qd4 Re7 34. Qg4 Kg8 35. Bc3 Rxe3 36. Rxe3 Kf7 37. Be1 Qf4+ 38. Qxf4 Rxf4
39. Ra3 Rd4 40. Rxa6 g5 41. Ra7 $18 Rd1 42. Rxc7+ Ke6 43. Bb4 c3 44. Bxc3 Rc1
45. Rg7 Bxa2 46. Rxg5 Rxc2 47. Rg6+ Kd7 48. Rg4 Bd5 49. Kg1 Rc1+ 50. Kf2 Rc2+
51. Kf1 Be6 {1-0 (51) Caruana,F (2772)-Radjabov,T (2793) Zug, 2013.}) 4... fxe4
5. Nxe4 d5 {The critical test.} (5... Nf6 6. Qe2 d5 7. Nxf6+ gxf6 8. d4 e4 9.
Nh4 Be6 10. c3 Qd7 11. Qh5+ Bf7 12. Qf5 Be6 13. Qh5+ Bf7 14. Qf5 Be6 {½-½
Deac,B (2543)-Radjabov,T (2710) Bastia, 2016.}) 6. Nxe5 dxe4 7. Nxc6 Qg5 (7...
Qd5 8. c4 Qd6 9. Nxa7+ Bd7 10. Bxd7+ Qxd7 11. Qh5+ g6 12. Qe5+ Kf7 13. Nb5 $1
$16 (13. Qxh8 $6 Nf6 14. Nb5 Rd8 15. O-O Bc5 $13 {and the Queen is trapped.}))
{[#]} 8. Nd4+ {A good move, but perhaps not as testing as the alternative} (8.
Qe2 $1 Nf6 (8... Qxg2 $4 {loses on the spot} 9. Qh5+ Qg6 (9... g6 10. Qe5+ $18)
10. Ne5+ $18) 9. f4 (9. Nxa7+ $5 {very wild but needs more testing, as the
main line doesn't feel extremely convincing to me anymore.}) 9... Qxf4 10. Ne5+
c6 11. d4 {is another popular continuation, in which White scores an
impressive 65%} Qh4+ 12. g3 Qh3 13. Bc4 Be6 {An unclear situation arises where
it seems Black is doing OK - as can be seen in the following game. In
Nisipeanu's analysis, he mentions that the evaluation of this line depends on
the strength or weakness of the e4 pawn...} 14. Bg5 O-O-O 15. O-O-O Bd6 16.
Rhf1 Rhe8 17. Bxf6 gxf6 18. Rxf6 Bxe5 19. Rxe6 Rxe6 20. Bxe6+ Qxe6 21. dxe5 $11
{(1/2-1/2, 32) Carlsen,M (2813)-Nisipeanu,L (2672) Medias, 2010.}) 8... c6 9.
Bf1 Qe5 10. c3 Bc5 (10... Nf6 11. d3 exd3+ 12. Be3 {and White should have some
edge, but Black has enough activity that he has compensation for his pawn
deficit} Nd5 13. Qxd3 g6 $44) {[#]} 11. Nb3 (11. Nc2 Bf5 12. Qe2 Bd6 13. Ne3
O-O-O 14. b3 $6 Nf6 15. Bb2 Bg6 16. O-O-O Rhf8 $13 {(½-½, 41) Bluvshtein,M 
(2449)-Malinovsky,K (2179) Heraklio, 2002.}) (11. d3 $5 Bxd4 (11... exd3+ 12.
Be3 Nf6 13. Bxd3 O-O (13... Ng4 14. Qe2 Nxe3 15. Qxe3 Qxe3+ 16. fxe3 $14)) 12.
cxd4 Qxd4 13. Qb3 {offers White dynamic play with his two Bishops} Nf6 14. Be3
Qe5 15. dxe4 $14) 11... Bd6 12. d4 $1 exd3+ 13. Be3 Nf6 14. Qxd3 Bg4 15. h3 {
A useful move, as now Black does not have g4 for his Knight.} Bh5 16. Qd4 {
[#] White tries to exchange Queens, as he is up a pawn.} Qe7 17. g4 (17. Bd3
Rd8 18. Qh4 Be5 {and White needs to move the d3 Bishop. This line was a valid
alternative, however. The Bishop likely belongs on the b1-h7 diagonal as
opposed to h1-a8 in order to put some pressure on Black's King, which will be
castled shortly}) (17. Bc4 Rd8 $1 {a7 is immune due to ...Qe4.}) 17... Bg6 (
17... Bf7 {seems a little more natural.}) 18. Bg2 Rd8 19. O-O-O $1 O-O 20. Rhe1
$14 {[#] When first browsing through this game, I was quite happy with White's
position here. He has played the opening phase well, and Black must try and
prove compensation for his sacked pawn.} Be5 $6 (20... Bb8) 21. Qxa7 Ra8 (21...
Nd5 22. Bxd5+ cxd5 23. Qc5 $16) 22. Qb6 $2 {And, just like that, White's
advantage has disappeared!} (22. Qc5 $142 $1 Qxc5 {Black doesn't have a good
way to avoid the Queen trade} (22... Qc7 23. a3 {and White is now up two pawns}
) 23. Bxc5 Bf4+ 24. Be3 Bxe3+ 25. Rxe3 Rxa2 26. f4 $16 ({or} 26. Rd4 $16))
22... Rxa2 {[#]} 23. Nd4 $2 {Mistakes come in bunches} (23. Bc5 Bf4+ 24. Re3 $1
{the point - White is not afraid of losing this exchange since he will pick
off the f8 rook} Bxe3+ 25. fxe3 Qe5 26. Bxf8 Qg3 $8 ({otherwise} 26... Kxf8 27.
Qb4+ Kg8 28. Qc4+ Kf8 29. Qf4 $16) 27. Qxb7 Qxe3+ 28. Rd2 Qe1+ 29. Rd1 Qe3+ $11
) 23... Ra1+ 24. Kd2 Ne4+ $6 (24... Ra6 $1 25. Qb3+ Bf7 $17 26. c4) 25. Bxe4
Rxd1+ 26. Kxd1 Bxe4 27. Bd2 $11 {[#]} Bxd4 28. Qxd4 Bf3+ 29. Kc2 Qf7 30. Re5
Qg6+ {[#]} 31. Qd3 $4 {My guess is that White was very low on time here due to
the complex game.} (31. Kc1 Ra8 32. Ra5 $1 Rxa5 33. Qd8+ Kf7 34. Qxa5 {editor
- White has an extra pawn, but the weak light squares should be good enough
for a draw after} Qd3) 31... Bd1+ {and the Queen drops.   I found the game
exciting and felt White had the upper hand out of the opening, but just when
the position was getting critical (move 22) he went wrong and allowed Black
some big counterplay. Mike Ivanov could have obtained a very nice position
with 24... Ra6 which would have put White under serious pressure. After
missing this chance, the game probably should have been a draw; however, IM
Barron blundered leading to his defeat.} 0-1

[Event "McGill Open"]
[Site "Montreal"]
[Date "2016.05.01"]
[Round "5.1"]
[White "Yu, Zong Yang"]
[Black "Hirschberg, Valerian"]
[Result "1-0"]
[WhiteElo "2342"]
[BlackElo "2317"]
[Annotator "Keith MacKinnon"]
[PlyCount "49"]
[EventDate "2016.04.28"]
[EventType "swiss"]
[EventRounds "5"]
[EventCountry "CAN"]
[SourceTitle "Chess Canada"]
[Source "CFC"]
[SourceDate "2017.10.01"]
[SourceVersion "1"]
[SourceVersionDate "2018.04.02"]
[SourceQuality "1"]

{[%mdl 32768] http://chess.ca/newsfeed/node/825  From the final round of the
2016 McGill Open, I present you with an attacking masterpiece that is worthy
of books on how to play the English for an attack.   The tournament situation
was such that FM Valerian Hirschberg was on 4/4 -- having beaten yours truly
in the second round -- playing his nearest competitor, FM Zong Yang Yu, with 3.
5/4 (who took a first round bye). Zong Yang, needing a win, capitalized on one
or two mistakes by Valerian in a complex opening leading to a quick 25-move
win. Be sure to have a look!} 1. Nf3 c5 2. c4 Nf6 3. Nc3 d5 {a principled
decision to counter in the centre; however, sharp lines may ensue. The game
continuation demonstrates that the English isn't always such a boring opening}
4. cxd5 Nxd5 5. e4 {[#] A bold move leading to dynamic play.} (5. d4 {is a
high-scoring alternative (60%).}) (5. g3 Nc6 6. Bg2 Nc7 7. O-O e5 8. d3 {
is a quieter continuation.}) 5... Nb4 6. Bc4 (6. Bb5+ {a less successful
alternative} N8c6 7. d4 cxd4 8. a3 dxc3 9. Qxd8+ Kxd8 10. axb4 $11) 6... Nd3+
7. Ke2 {One should only play openings like this after careful preparation!}
Nf4+ (7... Nxc1+ 8. Rxc1 Nc6 {is pretty reasonable too.}) 8. Kf1 Ne6 9. b4 $1 {
The correct way to follow up -- White must continue with enterprising play, as
otherwise Black will consolidate control of d4, and White will feel silly as
he will need to castle manually.} cxb4 10. Nd5 {[#]} Nc6 {The first deviation
from the main line, yet still played by strong players} (10... g6 11. Bb2 Bg7 {
and the advantage of having the Knight on e6 can be appreciated. Black scores
well here, but White's position shows promise as he will recover the pawn on
b4 and then push d4 with strong central control. One major proponent of this
system was GM Yasser Seirawan who won the following instructive game:} 12. Bxg7
Nxg7 13. Nxb4 Nd7 14. d4 Nb6 15. Bb3 a5 16. Nd3 a4 17. Bc2 O-O 18. h3 Qc7 19.
Rc1 Bd7 20. g3 Nc4 21. Kg2 $14 {editor - White has more centre control and
Black's a-pawn is weak. Black should either push on the queenside with ...b5
or try to make something happen on kingside with ...f5:} Bb5 $6 (21... f5 $5
22. Nde5 $14) (21... b5 $5) 22. Nc5 Qb8 23. Rb1 ({editor - you have to be
careful when your instincts make you (in Yasser's own words) "a dirty pawn
grubber"; e.g.:} 23. Nxa4 $2 Bxa4 24. Bxa4 Nb2 $17) (23. Bxa4 $5 Bxa4 24. Nxa4
b5 25. Nc5 $6 Rxa2 26. Nd7 $4 {leads to a funny finish} Ne3+ 27. Kg1 Qxg3+ $1
28. fxg3 Rg2#) 23... Na3 24. Rb2 b6 25. Nxa4 Rc8 $1 26. Bb3 Qa7 27. Qd2 $1 Bxa4
28. Qh6 Bxb3 29. Ng5 f6 30. Qxh7+ Kf8 31. Rxb3 fxg5 32. d5 $18 (32. Rf3+ $18)
32... Nc4 33. Qh8+ Kf7 34. Rf3+ Nf5 35. Qh7+ Kf6 36. exf5 Ne5 37. Re1 g4 38.
hxg4 Qd7 39. g5+ {1-0 Seirawan,Y (2600)-Kuligowski,A (2435) Wijk aan Zee, 1983.
}) 11. Bb2 (11. d4 g6 12. Be3 Bg7 13. Qd2 O-O 14. Rd1 a5 15. h4 h5 16. Bh6 Kh7
17. Bxg7 Nxg7 18. Ng5+ Kg8 19. Qf4 {1/2-1/2 Piket,J (2605)-Van Wely,L (2635)
Escaldes, 1998.}) 11... Nc5 {[#]} 12. Qc2 ({The computer points out a crazy
looking move} 12. Be5 $1 {and after the natural looking} Nxe5 $2 ({Black would
do best to go back and cover c7} 12... Ne6 13. Rb1 {and perhaps play d4 and
drop the Bishop back to g3 if attacked with ...f6}) 13. Nxe5 e6 14. Qh5 $18 {
the game will be over after} g6 15. Qf3 f5 16. Bb5+ $8 Bd7 17. Nxd7 Nxd7 18.
exf5 $8 exd5 19. Re1+ $18) 12... e6 13. d4 $1 b3 $2 {I don't really understand
the idea behind this intermezzo. It seems to be a mistake which begins Black's
relatively quick decline from this point on} (13... Nd7 14. Ne3 $14) 14. axb3 {
[#]} Nd7 ({editor -} 14... Nxb3 {might have been Black's idea when he played ..
.b3, but it doesn't help} 15. Qxb3 exd5 16. exd5 $18 {with a crushing attack
for free.}) 15. Ne3 (15. Nf4 {is marginally more active and would likely have
been my preference} Qc7 16. g3 Na5 17. Kg2 Nxc4 18. bxc4 $16) 15... Be7 $2 16.
d5 $1 {Opening up White's dangerous b2 Bishop. The end is near.} exd5 17. exd5
Nb4 18. Qe4 {[#]} Nf6 {One of only two moves which doesn't lose immediately.} (
18... O-O {a hard move to make when I'm sure he saw} 19. Bxg7 $1 {and now if}
Kxg7 (19... Nf6 {prolongs the battle somewhat and was likely Black's best} 20.
Bxf6 Bxf6 21. Rd1 Qd6 22. h4 {and White's attack continues.}) 20. Nf5+ Kh8 21.
Nxe7 {which is easily winning for White}) (18... Nc5 $2 19. Bb5+ $18 {picks up
the b4 Knight.}) 19. Bxf6 gxf6 20. Rd1 (20. Nd4 {targeting f5 was likely a
little easier, as it prevents Black from castling due to the devastation of
either Knight going to f5; for example} O-O (20... Kf8 $8) 21. Nef5 Bxf5 22.
Nxf5 $18 {But after seeing what White had planned, what he did was equally
good.}) 20... O-O {[%mdl 64] [#]Critical Position} 21. d6 $1 {A beautiful move
which adds to White's attacking potential and forces Black's Bishop to d6,
where it will be in trouble once a Knight gets to f5.} (21. Nh4 {does not
quite have the same power due to} Bd6 22. Nhf5 Kh8 {and White is clearly
better, but the win is a long way off.}) 21... Bxd6 22. Nh4 {And again, it is
getting a Knight to f5 that matters.} Qc7 23. Nhf5 Bf4 24. Ne7+ Kh8 25. N7d5 {
Winning a full piece.  An exemplary display by FM Zong Yang Yu who is the
deserving champion of the 2016 McGill Open!} 1-0